000 01103nam a2200265Ia 4500
005 20211111074635.0
008 130821s2006 ck gr spa
020 _a9588232973
040 _aCo-BoUCM
_bspa
041 0 0 _aspa
110 1 _aBogotá.
_bAlcaldía Mayor de Bogotá.
_bInstituto Distrital Cultura y Turismo. IDCT
_9163579
245 1 0 _aEstado del arte de la investigación sobre las comunidades de afrodescendientes y raizales en Bogotá D. C.
_cNatalie Rodríguez Echeverry, Natalia Jiménez
260 _aBogotá (Colombia)
_bInstituto Distrital Cultura y Turismo
_c2006
300 _a216 páginas
504 _aIncluye bibliografía.
650 0 4 _aAfrocolombianos
_xCondiciones sociales
_zBogotá (Colombia)
_98672
650 0 4 _aCultura
_912390
650 0 4 _aIdentidad cultural
_zBogotá (Colombia)
_917117
650 0 4 _aSociología cultural
_zBogotá (Colombia)
_924774
650 0 4 _aSociología
_9386
700 1 _aJimenéz, Natalia
_9163580
700 1 _aRodríguez Echeverry, Natalie
_9163581
942 _cLIBRO
_a5
_e1
_mB675e
_2DEWEY
_h305.8
999 _c53157
_d53157